000 00200 a2200097 4500
001 8359
100 _aWells, H G
245 _aThe war of the worlds
260 _a
_bHeinemann
_c
090 _c6731
_d6731
942 _aNUST-CAE
_cM
_c33302
999 _c243432
_d243432